000 00365 a2200145 4500
001 75990
040 _cAnchieta - Colégio São Paulo
100 _aFontoura Júnior, Antonio
240 1 0 _aHistória / Geografia, 3ª série
_lpor
245 1 0 _aHistória / Geografia, 3ª série
300 _a176
362 0 _a2000
650 4 _aGeografia e História
942 _cBK
999 _c75990
_d75990